| 000 | 00522nam a22001577a 4500 | ||
|---|---|---|---|
| 005 | 20260119111639.0 | ||
| 008 | 260119b |||||||| |||| 00| 0 eng d | ||
| 020 | _a978-81-7371-937-0 | ||
| 100 | _aGHOSH, U. K. | ||
| 245 |
_aCOMMON OBSTETRICAL AND GYNECOLOGICAL CONDITIONS _bA CLINICAL MANAGEMENT HANDBOOK |
||
| 260 |
_aTELANGANA, INDIA _bUNIVERSITIES PRESS _c2014 |
||
| 300 | _aIX,234P. | ||
| 500 | _aINCLUDES INDEX | ||
| 650 | _a1. GYNECOLOGY - HANDBOOK MANUALS 2. OBSTETRICS - HANDBOOKS, MANUALS | ||
| 942 |
_2lcc _cBK |
||
| 999 |
_c216479 _d216479 |
||